| Tag |
First Indicator |
Second Indicator |
Subfields |
| LEADER |
00000cam a2200000 a 4500 |
| 001 |
in00000915535 |
| 005 |
20150924124332.0 |
| 008 |
890728s1988 dcua b 00000 eng |
| 010 |
|
|
|a 89038462
|
| 020 |
|
|
|a 0309047722 :
|c $15.50
|
| 035 |
|
|
|a (OCoLC)20221227
|
| 035 |
|
|
|9 AEP0913AM
|
| 040 |
|
|
|a DLC
|c DLC
|d TXA
|d UtOrBLW
|
| 049 |
|
|
|a TXAM
|c [A12980140]
|
| 050 |
0 |
0 |
|a TE7
|b .H5 no.1198
|
| 245 |
0 |
0 |
|a Roadside safety features.
|
| 264 |
|
1 |
|a Washington, D.C. :
|b Transportation Research Board, National Research Council,
|c 1988.
|
| 300 |
|
|
|a 116 pages :
|b illustrations ;
|c 28 cm.
|
| 336 |
|
|
|a text
|b txt
|2 rdacontent
|
| 337 |
|
|
|a unmediated
|b n
|2 rdamedia
|
| 338 |
|
|
|a volume
|b nc
|2 rdacarrier
|
| 490 |
1 |
|
|a Transportation research record ;
|v 1198
|
| 504 |
|
|
|a Includes bibliographical references.
|
| 650 |
|
0 |
|a Roads
|x Guard fences
|x Testing.
|
| 650 |
|
0 |
|a Roads
|x Safety measures.
|
| 710 |
2 |
|
|a National Research Council (U.S.).
|b Transportation Research Board.
|
| 830 |
|
0 |
|a Transportation research record ;
|v 1198.
|
| 999 |
|
|
|a MARS
|
| 999 |
f |
f |
|s c1064ebf-b594-3fda-b4b2-e5dd3df7fd13
|i b8a4100b-a8a7-3d68-8cef-d95c3946dc99
|t 0
|
| 952 |
f |
f |
|p ric
|a Texas A&M University
|b Rellis Campus
|c Joint Library Facility
|d Remote Storage
|t 0
|e TE7 .H5 no.1198
|h Library of Congress classification
|i unmediated -- volume
|m A14812980140
|
| 952 |
f |
f |
|p default
|a Texas A&M University
|b College Station
|c Sterling C. Evans Library
|d Evans: Microforms (3rd floor)
|t 0
|e fiche S 745 no.1198
|h Other scheme
|i unmediated -- volume
|
| 998 |
f |
f |
|a fiche S 745 no.1198
|t 0
|l Evans: Microforms (3rd floor)
|
| 998 |
f |
f |
|a TE7 .H5 no.1198
|t 0
|l Remote Storage
|